A viagem (Registo nº 2233)

Detalhes MARC
000 -Etiqueta do registo
Cabeçalho 00751nam a22002651 4500
005 - Identificador da versão
Campo de controlo 20240813121928.0
010 ## - Número internacional normalizado dos livros (ISBN)
Número (ISBN) 9727721575
021 ## - Número do Depósito Legal
Código do país PT
Número 150044/00
100 ## - Dados gerais de processamento
Dados gerais de processamento 20061114d2000 am y0pory5003 ba
102 ## - Pais de publicação ou produção
País de publicação Portugal
101 0# - Língua de publicação
Língua do texto, banda sonora, etc. Português
106 ## - Campo de dados codificados: material textual
Dados codificados do material textual r
105 ## - Campo de dados codificados: livros
Dados codificados dos livros y z 000fy
215 ## - Descrição física 
Indicação específica da natureza do documento e extensão da espécie 35, [2] p.
Dimensões 23 cm
200 1# - Titulo e menção de responsabilidade
Título próprio A viagem
Primeira menção de responsabilidade Maria do Vale Cartaxo
210 ## - Publicação, Distribuição, etc. 
Lugar da edição, distribuição, etc. Lisboa ;
-- Portimão
Nome do editor, distribuidor, etc. Colibri
-- Câmara Municipal
Data da publicação, distribuição, etc. 2000
300 ## - Notas gerais 
Texto da nota Prémio Revelação Manuel Teixeira Gomes
606 ## - Nome comum usado como assunto
Número de registo de entrada de autoridade 0000051
Palavra de ordem Literatura portuguesa juvenil
Subdivisão de assunto Conto
675 ## - Classificação Decimal Universal (CDU)
Notação 821.134.3-34
Edição
Língua da edição por
700 #1 - Nome de autor-pessoa física (responsabilidade principal)
Número de registo de entrada de autoridade 0001057
Palavra de ordem Cartaxo
Outra parte do nome não tomada para palavra de ordem Maria do Vale
Datas 1931-
942 ## - Elementos de entrada adicionados (Koha)
Tipo de item no Koha Livro
Exemplares
Situação do levantamento Origin of item (home branch) (coded) Biblioteca de empréstimo Código de barras Cota Circulation type (not for loan) Tipo de documento Nota do exemplar Damaged status
  Biblioteca Escolar da Coca Maravilhas Biblioteca Escolar da Coca Maravilhas BECM7591/06 8POR CAR   Livro Sem mensagem